The costs and benefits of groups, mergers and partnership (Record no. 105517)

MARC details
000 -LEADER
fixed length control field 01488cam a2200229 4500
001 - CONTROL NUMBER
control field ##134001
008 - FIXED-LENGTH DATA ELEMENTS--GENERAL INFORMATION
fixed length control field 060629n2006 000 0 eng u
035 ## - SYSTEM CONTROL NUMBER
System control number (Sirsi) u134001
041 0# - LANGUAGE CODE
Language code of text/sound track or separate title eng
050 04 - LIBRARY OF CONGRESS CALL NUMBER
Classification number 306.52 $2 18
100 1# - MAIN ENTRY--PERSONAL NAME
Personal name Davies, Abigail
245 04 - TITLE STATEMENT
Title The costs and benefits of groups, mergers and partnership
260 ## - PUBLICATION, DISTRIBUTION, ETC.
Place of publication, distribution, etc. Coventry
Name of publisher, distributor, etc. Chartered Institute of Housing
Date of publication, distribution, etc. 2006
520 ## - SUMMARY, ETC.
Summary, etc. Examines the increasing trend of housing associations becoming engaged in groups and merger activity and forming constitutional partnerships. Reports that larger associations and groups are beginning to dominate the housing association sector with 1% of associations collectively owning 35% of the total housing association stock. Looks at the significant rise in the number and scope of non-constitutional partnerships covering diverse functions from property procurement, goods and back office services to the provision of community services. Assesses the cost-benefits of these groups, mergers and non-constitutional partnerships, summarises the views of tenants and makes recommendations for housing associations and the Housing Corporation.
590 ## - LOCAL NOTE (RLIN)
Local note IKA040706
651 #4 - SUBJECT ADDED ENTRY--GEOGRAPHIC NAME
Geographic name United Kingdom
Chronological subdivision
690 ## - LOCAL SUBJECT ADDED ENTRY--TOPICAL TERM (OCLC, RLIN)
Topical term or geographic name as entry element PROPERTY-RESIDENTIAL PROPERTY-TENANTED RESIDENTIAL PROPERTY
700 1# - ADDED ENTRY--PERSONAL NAME
Personal name Lupton, Mark
700 1# - ADDED ENTRY--PERSONAL NAME
Personal name McRoberts, Dermot
856 40 - ELECTRONIC LOCATION AND ACCESS
Uniform Resource Identifier <a href="https://www.cih.org/policy/free-publications.htm#costsbenefits">https://www.cih.org/policy/free-publications.htm#costsbenefits</a>
Public note View the report free of charge at www.cih.org...
942 ## - ADDED ENTRY ELEMENTS (KOHA)
Suppress in OPAC 0
Holdings
Withdrawn status Lost status Source of classification or shelving scheme Damaged status Not for loan Home library Current library Shelving location Date acquired Total Checkouts Full call number Barcode Date last seen Copy number Price effective from Koha item type
    Dewey Decimal Classification     Virtual Virtual Online 29/06/2006   ONLINE PUBLICATION 134001-2001 06/08/2019 1 06/08/2019 Book